[Event "OLNN 2324 TV Fischbek - SF Schwerin"]
[Site "?"]
[Date "2024.02.04"]
[Round "5.3"]
[White "Reichmann, Hendrik"]
[Black "Kneip, Jakob"]
[Result "1/2-1/2"]
[WhiteElo "2303"]
[BlackElo "2147"]
[PlyCount "88"]
[EventDate "2024.??.??"]

1. d4 d5 2. Nf3 Nf6 3. c3 e6 4. Bf4 Bd6 5. e3 O-O 6. Nbd2 b6 7. Ne5 c5 8. Qf3 Qc7 9. Ndc4 dxc4 10. Qxa8 cxd4 11. exd4 Nd5 12. Bg3 Bb7 13. Qxa7 Na6 14. Bxc4 Ra8 15. Qxa8+ Bxa8 16. Bxa6 f5 17. Bc4 Bxe5 18. Bxd5 Bxd5 19. Bxe5 Qc4 20. Kd2 Bxg2 21. Rhg1 Qd5 22. Rae1 g6 23. Re3 Be4 24. b3 b5 25. Kc1 Kf7 26. Kb2 h6 27. h4 Qd8 28. Reg3 f4 29. Rg4 Bf5 30. Rxf4 Qd5 31. a3 Ke7 32. Bg7 g5 33. hxg5 hxg5 34. Rxg5 Qh1 35. Rgxf5 exf5 36. a4 bxa4 37. bxa4 Qd1 38. Be5 Ke6 39. a5 Kd5 40. a6 Qe2+ 41. Kc1 Qe1+ 42. Kc2 Qe2+ 43. Kc1 Qe1+ 44. Kc2 Qe2+ 1/2-1/2

[Event "OLNN 2324 TV Fischbek - SF Schwerin"]
[Site "?"]
[Date "2024.02.04"]
[Round "5.4"]
[White "Brandt, Carina"]
[Black "Wolf, Christoph"]
[Result "1/2-1/2"]
[WhiteElo "2064"]
[BlackElo "2173"]
[PlyCount "113"]
[EventDate "2024.??.??"]

1. e4 e6 2. d4 d5 3. Nc3 Nf6 4. e5 Nfd7 5. f4 c5 6. Nf3 Nc6 7. Be3 Be7 8. Qd2 O-O 9. dxc5 Qa5 10. O-O-O b6 11. Bb5 Nb4 12. a3 bxc5 13. Kb1 Nb6 14. f5 exf5 15. axb4 cxb4 16. Nxd5 Nxd5 17. Qxd5 Be6 18. Qb7 f4 19. Bd4 b3 20. Qa6 bxc2+ 21. Kxc2 Bf5+ 22. Rd3 Bxd3+ 23. Bxd3 Qd5 24. Bc3 Rfc8 25. Rd1 Qc5 26. Qa4 Rab8 27. Qa2 Qc6 28. Rd2 Bb4 29. Ng5 Bxc3 30. bxc3 Qxc3+ 31. Kd1 Rc7 32. Bxh7+ Kh8 33. Bc2 Qe3 34. Qd5 g6 35. Qd4 Qxd4 36. Rxd4 Re7 37. Rxf4 Kg7 38. h4 Rd8+ 39. Kc1 Rc8 40. Kd2 Rd8+ 41. Bd3 Rd5 42. e6 f6 43. Nf3 Rxe6 44. Rg4 Red6 45. Ne1 f5 46. Ra4 a5 47. Ra3 Rd4 48. h5 a4 49. hxg6 Rxg6 50. Ke3 Rb4 51. Bxf5 Rg3+ 52. Nf3 Rxg2 53. Bd7 Rb3+ 54. Rxb3 axb3 55. Bf5 b2 56. Nd2 Kf6 57. Be4 1/2-1/2

[Event "OLNN 2324 TV Fischbek - SF Schwerin"]
[Site "?"]
[Date "2024.02.04"]
[Round "5.5"]
[White "Rittemann, Steffen"]
[Black "Schneider, Alexander"]
[Result "0-1"]
[WhiteElo "2176"]
[BlackElo "2083"]
[PlyCount "154"]
[EventDate "2024.??.??"]

1. e4 c5 2. Nf3 Nc6 3. c3 d5 4. exd5 Qxd5 5. d4 e6 6. Bd3 Nf6 7. O-O Be7 8. Be3 b6 9. Qa4 O-O 10. Rd1 cxd4 11. cxd4 Bb7 12. Nc3 Qa5 13. Qb3 Nb4 14. Be2 Ba6 15. a3 Bxe2 16. Nxe2 Nbd5 17. Ne5 Rac8 18. Rac1 Qa6 19. Ng3 Bd6 20. Bg5 Rxc1 21. Rxc1 Rc8 22. Rd1 b5 23. h4 Qb6 24. Qf3 Qc7 25. Re1 h6 26. Bc1 Bxe5 27. dxe5 Nd7 28. Qe2 Qxe5 29. Qf1 Qb8 30. Qd3 N7f6 31. Ne2 Rc4 32. g3 Re4 33. Kf1 Qe5 34. f3 Qf5 35. Kg1 Re5 36. Qxf5 exf5 37. Kf2 Kf8 38. Nd4 Rxe1 39. Kxe1 f4 40. gxf4 a6 41. Nc6 Nh5 42. Nb8 a5 43. Nc6 a4 44. Nd4 b4 45. axb4 Nxb4 46. Ne2 Nd5 47. Kd1 Ke7 48. Kc2 Kd6 49. Bd2 Kc5 50. Kd3 Nb4+ 51. Ke4 Nf6+ 52. Ke3 Kc4 53. Nc3 Nc2+ 54. Ke2 Kb3 55. Kd3 Nb4+ 56. Kd4 Nd7 57. f5 h5 58. f4 Nb6 59. Ne4 Nc2+ 60. Kc5 Nc4 61. Bc3 Nxb2 62. Bxg7 Ne3 63. Bd4 Nd3+ 64. Kc6 Nxf5 65. Bf6 Nxf4 66. Nc5+ Kb4 67. Nxa4 Kxa4 68. Kd7 Nd5 69. Bd8 Nfe3 70. Kd6 Kb5 71. Ke5 f5 72. Bg5 Kc4 73. Bxe3 Nxe3 74. Kf4 Kd3 75. Kg5 Ke4 76. Kxh5 f4 77. Kg5 f3 0-1

[Event "OLNN 2324 TV Fischbek - SF Schwerin"]
[Site "?"]
[Date "2024.02.04"]
[Round "5.6"]
[White "Peters, Thomas"]
[Black "Leisner, Hannes"]
[Result "0-1"]
[WhiteElo "1906"]
[BlackElo "2158"]
[PlyCount "60"]
[EventDate "2024.??.??"]

1. Nc3 c5 2. Nf3 a6 3. d4 cxd4 4. Nxd4 b5 5. e4 e6 6. Bd3 Bc5 7. Nb3 Ba7 8. Qf3 Ne7 9. e5 Nbc6 10. Ne4 O-O 11. Qh5 Ng6 12. Ng5 h6 13. Nf3 Qc7 14. Be4 Rb8 15. Bxh6 Ncxe5 16. Nxe5 Qxe5 17. Qxe5 Nxe5 18. Bf4 f6 19. h4 d5 20. Bg6 Nxg6 21. Bxb8 Bxb8 22. O-O-O Ba7 23. Rd2 Ne5 24. Kb1 Kf7 25. Nd4 Nc4 26. Rd3 Bd7 27. f4 Rc8 28. Ne2 b4 29. h5 Nd6 30. g4 Bb5 0-1

[Event "OLNN 2324 TV Fischbek - SF Schwerin"]
[Site "?"]
[Date "2024.02.04"]
[Round "5.7"]
[White "Schulz, Karsten"]
[Black "Schermer, Denis"]
[Result "1-0"]
[WhiteElo "2278"]
[BlackElo "2014"]
[PlyCount "101"]
[EventDate "2024.??.??"]

1. Nf3 d5 2. g3 Nf6 3. Bg2 c6 4. c4 g6 5. b3 Bg7 6. Bb2 O-O 7. O-O Nbd7 8. Qc2 Re8 9. Nc3 e6 10. d4 a5 11. e4 Nxe4 12. Nxe4 dxe4 13. Qxe4 a4 14. Rfe1 Qb6 15. Qc2 axb3 16. axb3 Rxa1 17. Bxa1 c5 18. dxc5 Nxc5 19. Bxg7 Kxg7 20. Qc3+ Kg8 21. b4 Na6 22. Rb1 Qd8 23. Ne5 f6 24. Ng4 Kg7 25. Bf3 Qe7 26. c5 e5 27. Ne3 e4 28. Bg2 Nc7 29. Rd1 Bd7 30. Bxe4 Nb5 31. Qd3 Bc6 32. Bxc6 bxc6 33. Nc4 Qe4 34. Qxe4 Rxe4 35. Rd7+ Kh6 36. Na5 Rxb4 37. Nxc6 Rc4 38. Ne7 Rxc5 39. Ng8+ Kg5 40. Rxh7 Nd4 41. Kg2 Rc2 42. h4+ Kf5 43. Ne7+ Ke6 44. Nxg6 Nf5 45. Nf4+ Ke5 46. Rh8 Nd6 47. Rd8 Nf7 48. Ra8 Kf5 49. Ra5+ Ke4 50. Nd5 f5 51. Nf6+ 1-0

[Event "OLNN 2324 TV Fischbek - SF Schwerin"]
[Site "?"]
[Date "2024.02.04"]
[Round "5.8"]
[White "Egelriede, Nikolas"]
[Black "Grahl, Arvid"]
[Result "0-1"]
[WhiteElo "1810"]
[BlackElo "2117"]
[PlyCount "138"]
[EventDate "2024.??.??"]

1. e4 d6 2. Nc3 g6 3. d4 Bg7 4. Be3 Nf6 5. h3 O-O 6. Qd2 c6 7. Be2 b5 8. a3 Bb7 9. Nf3 a5 10. Bd3 Nbd7 11. O-O b4 12. Ne2 c5 13. Ng3 Qc7 14. Qe2 c4 15. Bxc4 Nxe4 16. Nxe4 Bxe4 17. Ng5 Bb7 18. axb4 axb4 19. Rxa8 Bxa8 20. Ra1 Nb6 21. Bd3 Bd5 22. b3 Qb7 23. f3 Ra8 24. Re1 Ra2 25. Qd1 Bc6 26. Bf2 Nd5 27. Qe2 Qa7 28. Qe4 Ra1 29. Rxa1 Qxa1+ 30. Kh2 Qc1 31. Qh4 Qf4+ 32. Qxf4 Nxf4 33. Bf1 h6 34. Ne4 Ne6 35. Be1 f5 36. Nf2 Bxd4 37. Nd3 Kg7 38. Nxb4 Bb7 39. Bc4 Nc7 40. f4 e5 41. fxe5 dxe5 42. c3 Bc5 43. Nd3 Bd6 44. Bg3 Kf6 45. Kg1 Nd5 46. Bxd5 Bxd5 47. c4 Be4 48. Ne1 Bb4 49. Bf2 Ke6 50. Kf1 g5 51. g3 h5 52. Ke2 f4 53. Nd3 Be7 54. gxf4 exf4 55. Nc5+ Kf5 56. Nxe4 Kxe4 57. c5 Kd5 58. b4 g4 59. hxg4 hxg4 60. Be1 Bg5 61. Kf2 Bf6 62. Ke2 Bd4 63. Bf2 f3+ 64. Kf1 Be5 65. b5 g3 66. Bg1 Ke4 67. b6 g2+ 68. Ke1 Bg3+ 69. Kd2 f2 0-1

[Event "OLNN 2324 FC St. Pauli II - SK Doppelbau"]
[Site "?"]
[Date "2024.02.04"]
[Round "5.1"]
[White "Beeck, Mats"]
[Black "Trisic, Aleksandar"]
[Result "1/2-1/2"]
[WhiteElo "2237"]
[BlackElo "2254"]
[PlyCount "51"]
[EventDate "2024.??.??"]

1. e4 c5 2. Nf3 e6 3. d4 cxd4 4. Nxd4 Nc6 5. Nc3 Qc7 6. Be3 a6 7. Qf3 Nf6 8. O-O-O Ne5 9. Qg3 b5 10. a3 Bb7 11. Bxb5 Rc8 12. Ba4 Be7 13. Bf4 Nh5 14. Bxe5 Nxg3 15. Bxc7 Nxh1 16. Nxe6 fxe6 17. Bxd7+ Kf7 18. Bxc8 Rxc8 19. Bb6 Bxa3 20. bxa3 Rxc3 21. Rd7+ Kg6 22. Rxb7 Rxa3 23. Bd4 e5 24. Ba7 Ra4 25. f3 h5 26. Rb1 1/2-1/2

[Event "OLNN 2324 FC St. Pauli II - SK Doppelbau"]
[Site "?"]
[Date "2024.02.04"]
[Round "5.2"]
[White "Priebe, Jan"]
[Black "Hebbinghaus, Holger"]
[Result "1/2-1/2"]
[WhiteElo "2243"]
[BlackElo "2175"]
[PlyCount "40"]
[EventDate "2024.??.??"]

1. e4 c6 2. d4 d5 3. Nd2 dxe4 4. Nxe4 Nf6 5. Nc3 Bf5 6. Nf3 e6 7. Bd3 Bxd3 8. Qxd3 Nbd7 9. Bf4 Be7 10. O-O O-O 11. h3 Nd5 12. Bg3 Nxc3 13. bxc3 Nb6 14. a4 c5 15. Rfb1 Qc8 16. Rb5 Rd8 17. Rab1 c4 18. Qd2 Rd5 19. Ne5 Rxb5 20. axb5 Bd6 1/2-1/2

[Event "OLNN 2324 FC St. Pauli II - SK Doppelbau"]
[Site "?"]
[Date "2024.02.04"]
[Round "5.4"]
[White "Hess, Christian"]
[Black "Saglam, Buelent"]
[Result "1-0"]
[WhiteElo "2200"]
[BlackElo "2118"]
[PlyCount "139"]
[EventDate "2024.??.??"]

1. Nf3 Nf6 2. c4 c5 3. Nc3 Nc6 4. d4 cxd4 5. Nxd4 e5 6. Ndb5 d6 7. Bg5 a6 8. Na3 Be6 9. Qd2 Rc8 10. e4 h6 11. Bh4 g5 12. Bg3 Na5 13. Rd1 Be7 14. b3 h5 15. f3 h4 16. Bf2 b5 17. cxb5 d5 18. Nxd5 Bxd5 19. exd5 Bxa3 20. bxa6 Qd6 21. Bb5+ Kf8 22. O-O Bb4 23. Qxg5 Rh5 24. Qe3 Bc5 25. Qd2 Qb6 26. Qe2 e4 27. fxe4 Re5 28. Rc1 Bxf2+ 29. Qxf2 Qxf2+ 30. Kxf2 Nxe4+ 31. Kg1 Ra8 32. Rce1 Rxd5 33. Bc4 Nxc4 34. bxc4 Re5 35. Rf4 f5 36. Rxh4 Rxa6 37. Rf4 Kg7 38. h3 Rea5 39. g4 Rg6 40. Re2 Kf6 41. Rexe4 Rxa2 42. Rxf5+ Kg7 43. Re7+ Kg8 44. Rb5 Ra8 45. Reb7 Raa6 46. Rb8+ Kg7 47. R8b7+ Kf8 48. Rc5 Ra8 49. Kg2 Rd6 50. Rd5 Re6 51. Rf5+ Kg8 52. Kg3 Rc6 53. c5 Ra3+ 54. Rf3 Ra8 55. Rc3 Rac8 56. g5 Kh8 57. h4 Kg8 58. Kg4 Kh8 59. Kh5 Kg8 60. Rd7 Kh8 61. g6 Rxc5+ 62. Rxc5 Rxc5+ 63. Kh6 Rc8 64. h5 Ra8 65. Rd5 Rb8 66. Kg5 Ra8 67. h6 Rb8 68. h7 Kg7 69. Rd7+ Kh8 70. Kh6 1-0

[Event "OLNN 2324 FC St. Pauli II - SK Doppelbau"]
[Site "?"]
[Date "2024.02.04"]
[Round "5.5"]
[White "Ghadimi, Mohammed Reza"]
[Black "Perez De Miguel, Alvaro"]
[Result "1-0"]
[WhiteElo "2125"]
[BlackElo "2271"]
[PlyCount "79"]
[EventDate "2024.??.??"]

1. d4 d5 2. Bf4 Nf6 3. e3 e6 4. Nd2 c5 5. c3 Nc6 6. Bd3 Bd6 7. Bg3 e5 8. dxe5 Nxe5 9. Bb5+ Bd7 10. Bxd7+ Qxd7 11. Bxe5 Bxe5 12. Ngf3 Bc7 13. O-O O-O 14. c4 Rad8 15. cxd5 Qxd5 16. Qa4 a6 17. Rfd1 Qe6 18. Qc2 Rd5 19. Nf1 Rfd8 20. Rxd5 Rxd5 21. Rc1 Ne4 22. Rd1 Qd7 23. Rxd5 Qxd5 24. b3 Ba5 25. a3 g6 26. Ng3 f5 27. Ne2 g5 28. b4 cxb4 29. axb4 Bxb4 30. Qc8+ Bf8 31. Nfd4 Nd6 32. Qd8 h6 33. h4 f4 34. exf4 gxf4 35. Qf6 Qf7 36. Qe5 Kh7 37. Nxf4 Qe7 38. Nde6 Qf7 39. Nxf8+ Qxf8 40. Ne6 1-0

[Event "OLNN 2324 FC St. Pauli II - SK Doppelbau"]
[Site "?"]
[Date "2024.02.04"]
[Round "5.6"]
[White "Richter, Maik"]
[Black "Budzyn, Matthias"]
[Result "1/2-1/2"]
[WhiteElo "2168"]
[BlackElo "2037"]
[PlyCount "183"]
[EventDate "2024.??.??"]

1. e4 e5 2. Nf3 Nc6 3. Bc4 Nf6 4. d4 exd4 5. e5 d5 6. Bb5 Ne4 7. Nxd4 Bd7 8. Bxc6 bxc6 9. O-O Bc5 10. f3 Ng5 11. Be3 Bb6 12. f4 Ne4 13. Nd2 Nxd2 14. Qxd2 c5 15. Nf3 d4 16. Bf2 Bg4 17. Bh4 Qd5 18. h3 Bd7 19. f5 Bxf5 20. Qg5 Qe6 21. Qxg7 Rf8 22. Bf6 h6 23. Qxh6 Qd5 24. Qd2 Kd7 25. Ng5 Bg6 26. Kh2 Rae8 27. Rf4 Kc8 28. Qd1 Kb8 29. Qd2 c6 30. Kh1 Bc7 31. Nf3 Re6 32. c3 d3 33. c4 Qd7 34. Qe3 Bd8 35. Qxc5 Be7 36. Bxe7 Rxe7 37. Rd1 Rh8 38. Kg1 Qc7 39. Nd4 Kb7 40. Nf3 Rd8 41. Rd2 Bh5 42. g4 Bg6 43. Kf2 Rde8 44. b4 Rxe5 45. Nxe5 Rxe5 46. Qd4 Qe7 47. Rxd3 Re2+ 48. Kf3 Bxd3 49. Qxd3 Rxa2 50. Qe3 Qxe3+ 51. Kxe3 Ra3+ 52. Kd4 Rxh3 53. Rxf7+ Kb6 54. g5 Rg3 55. Rg7 c5+ 56. bxc5+ Kc6 57. Rg6+ Kc7 58. c6 a5 59. Kc5 a4 60. Rg7+ Kb8 61. Rg8+ Kc7 62. g6 a3 63. Rg7+ Kb8 64. Rg8+ Kc7 65. g7 Rg5+ 66. Kb4 a2 67. Ra8 Kxc6 68. Rxa2 Rxg7 69. Ra6+ Kb7 70. Rf6 Rg5 71. Rh6 Rg7 72. Kb5 Rf7 73. c5 Rg7 74. Rb6+ Kc7 75. Ra6 Kb7 76. c6+ Kb8 77. Kb6 Rb7+ 78. Kc5 Rh7 79. Ra4 Rg7 80. Rb4+ Kc8 81. Kb6 Rg1 82. Rb2 Rh1 83. Rb5 Rg1 84. Rb2 Rh1 85. Rd2 Rb1+ 86. Kc5 Rc1+ 87. Kd6 Rh1 88. Rd5 Rg1 89. Rd2 Rh1 90. Rd4 Rg1 91. Rh4 Rd1+ 92. Kc5 1/2-1/2

[Event "OLNN 2324 FC St. Pauli II - SK Doppelbau"]
[Site "?"]
[Date "2024.02.04"]
[Round "5.7"]
[White "Wanner, Lukas"]
[Black "Reuber, Artur"]
[Result "1/2-1/2"]
[WhiteElo "2108"]
[BlackElo "2111"]
[PlyCount "127"]
[EventDate "2024.??.??"]

1. c4 f5 2. g3 Nf6 3. Bg2 g6 4. Nc3 d6 5. e3 c6 6. Nge2 Bg7 7. O-O e5 8. d3 O-O 9. b3 Na6 10. Ba3 Nc7 11. Qd2 a5 12. f4 exf4 13. gxf4 Re8 14. Rae1 d5 15. h3 Be6 16. Nd4 Bf7 17. Qc2 Ne6 18. Nxe6 Rxe6 19. d4 Re8 20. Qd3 a4 21. Ra1 Qa5 22. c5 axb3 23. axb3 Qc7 24. b4 Re6 25. b5 Rae8 26. Bc1 b6 27. bxc6 Qxc6 28. cxb6 Ne4 29. Ra3 R6e7 30. Rb3 Rb8 31. Ba3 Reb7 32. Rfb1 Rxb6 33. Rxb6 Rxb6 34. Rxb6 Qxb6 35. Qb5 Qxb5 36. Nxb5 Be8 37. Nd6 Bc6 38. Nxe4 fxe4 39. Bd6 Bf6 40. Be5 Bh4 41. Bf1 Kf7 42. Ba6 Ke7 43. Bc7 Bd7 44. Bb7 Be6 45. Be5 Kd7 46. Bb8 Be1 47. Kf1 Bb4 48. Kf2 Be7 49. Kg3 Bd6 50. Bxd6 Kxd6 51. h4 h6 52. Ba6 Bd7 53. Be2 Ke7 54. h5 Kf6 55. hxg6 Kxg6 56. Kh4 Be6 57. Bh5+ Kf6 58. Be8 Bg8 59. Kh5 Kg7 60. Bg6 Be6 61. Be8 Bf5 62. Kh4 Kf6 63. Kh5 Kg7 64. Kh4 1/2-1/2

[Event "OLNN 2324 FC St. Pauli II - SK Doppelbau"]
[Site "?"]
[Date "2024.02.04"]
[Round "5.8"]
[White "Mitscherling, Andreas"]
[Black "Petri, Alexander"]
[Result "1/2-1/2"]
[WhiteElo "2135"]
[BlackElo "2148"]
[PlyCount "136"]
[EventDate "2024.??.??"]

1. d4 d5 2. Bf4 Nf6 3. e3 e6 4. Nf3 c5 5. c3 Bd6 6. Bg3 Qc7 7. Nbd2 Nbd7 8. Bd3 e5 9. dxe5 Nxe5 10. Nxe5 Bxe5 11. Bxe5 Qxe5 12. Nf3 Qc7 13. c4 Qa5+ 14. Qd2 Qxd2+ 15. Kxd2 Be6 16. cxd5 Nxd5 17. Ng5 Rd8 18. Nxe6 fxe6 19. Ke2 Ke7 20. Rhd1 Nb4 21. Be4 b6 22. Rxd8 Rxd8 23. Bxh7 Rh8 24. Be4 Rxh2 25. Rd1 Nd5 26. f4 Nf6 27. Bc6 Nd5 28. Kf3 Nb4 29. Rd7+ Ke8 30. Ba4 a6 31. Rxg7+ b5 32. Bd1 Nd3 33. b3 Ne1+ 34. Kf2 Nd3+ 35. Kg1 Rh6 36. Ra7 e5 37. fxe5 Nxe5 38. Be2 c4 39. bxc4 bxc4 40. Rc7 Rh4 41. Rc5 Re4 42. Kf2 Nd3+ 43. Bxd3 cxd3 44. Rc3 Ra4 45. Rxd3 Rxa2+ 46. Kf3 a5 47. g4 a4 48. Kf4 a3 49. Kg5 Ra1 50. e4 a2 51. Ra3 Re1 52. Rxa2 Rxe4 53. Ra6 Kf7 54. Kh5 Kg7 55. Ra7+ Kg8 56. g5 Re6 57. Rb7 Ra6 58. Rb5 Rc6 59. Rf5 Kg7 60. Rd5 Ra6 61. g6 Ra1 62. Rd7+ Kg8 63. Re7 Rh1+ 64. Kg5 Rg1+ 65. Kf5 Rf1+ 66. Ke6 Re1+ 67. Kd7 Rxe7+ 68. Kxe7 Kg7 1/2-1/2

[Event "OLNN 2324 Preetzer TSV - Schachfreunde H"]
[Site "?"]
[Date "2024.02.04"]
[Round "5.1"]
[White "Nedic, Dusan"]
[Black "Fries-Nielsen, Jens Ove"]
[Result "1-0"]
[WhiteElo "2326"]
[BlackElo "2372"]
[PlyCount "87"]
[EventDate "2024.??.??"]

1. d4 Nf6 2. Nf3 e6 3. c4 c5 4. g3 Na6 5. Bg2 d6 6. O-O Be7 7. Nc3 O-O 8. a3 Nd7 9. Qc2 Nb6 10. b3 Bd7 11. Rd1 Rc8 12. d5 exd5 13. Nxd5 Nxd5 14. Rxd5 Nc7 15. Rd1 Bf6 16. Rb1 Bc6 17. Bf4 Ne8 18. h4 h6 19. Rd2 Qe7 20. Ne1 g5 21. hxg5 hxg5 22. Be3 Ng7 23. Rbd1 Be5 24. Bxc6 Rxc6 25. Nf3 f6 26. Nxe5 Qxe5 27. Rd5 Qe7 28. Qd3 Ne8 29. Kg2 Qh7 30. Rf5 Qe7 31. Rh1 Ng7 32. Rd5 Re8 33. Rh6 Qe4+ 34. Qxe4 Rxe4 35. Rxf6 Re6 36. Bxg5 Rxf6 37. Bxf6 Ne8 38. Bd8 Kf7 39. a4 Rc8 40. Bg5 Ke6 41. Bf4 Rc6 42. e4 a6 43. e5 dxe5 44. Bxe5 1-0

[Event "OLNN 2324 Preetzer TSV - Schachfreunde H"]
[Site "?"]
[Date "2024.02.04"]
[Round "5.2"]
[White "Vinter-Schou, Uffe"]
[Black "Hourigan, Gerrit"]
[Result "1-0"]
[WhiteElo "2354"]
[BlackElo "2286"]
[PlyCount "49"]
[EventDate "2024.??.??"]

1. e4 c6 2. d4 d5 3. e5 c5 4. dxc5 e6 5. a3 Bxc5 6. b4 Be7 7. Qg4 g6 8. Nf3 a5 9. b5 h5 10. Qf4 Nh6 11. c4 dxc4 12. Nc3 Nd7 13. Bxc4 Qc7 14. Ne4 Nf5 15. Bb2 Nb6 16. Rc1 Nxc4 17. Rxc4 Qd7 18. O-O Qxb5 19. Ba1 O-O 20. Nd4 Qd5 21. Nxf5 exf5 22. e6 f6 23. Qh6 Qxc4 24. Qxg6+ Kh8 25. Ng5 1-0

[Event "OLNN 2324 Preetzer TSV - Schachfreunde H"]
[Site "?"]
[Date "2024.02.04"]
[Round "5.3"]
[White "Ritscher, Jan-Paul"]
[Black "Moeller, Dustin"]
[Result "1-0"]
[WhiteElo "2240"]
[BlackElo "2206"]
[PlyCount "87"]
[EventDate "2024.??.??"]

1. d4 d5 2. c4 c6 3. Nf3 Nf6 4. e3 Bf5 5. Nc3 e6 6. Be2 h6 7. O-O Nbd7 8. b3 Bd6 9. Bb2 Qe7 10. Re1 O-O 11. h3 Rad8 12. Bd3 Bxd3 13. Qxd3 dxc4 14. bxc4 e5 15. Qc2 Rfe8 16. Rab1 e4 17. Nd2 Bb8 18. a4 Nf8 19. Qb3 Qc7 20. Nf1 Ng6 21. Ba3 Rd7 22. Rb2 Nh4 23. Reb1 Qa5 24. c5 Qd8 25. Qd1 Ree7 26. Qc2 Qe8 27. Rb3 Nd5 28. Ne2 f5 29. Bc1 g5 30. Nc3 Nf6 31. d5 cxd5 32. c6 Rc7 33. Rxb7 Rxb7 34. cxb7 Qf7 35. Ne2 Kh7 36. Qc8 Re8 37. Bb2 Nd7 38. Bd4 f4 39. Nc3 Rg8 40. Rb5 Nb6 41. Bxb6 axb6 42. Rxd5 Qe8 43. Rd7+ Kh8 44. Qc6 1-0

[Event "OLNN 2324 Preetzer TSV - Schachfreunde H"]
[Site "?"]
[Date "2024.02.04"]
[Round "5.4"]
[White "Schwarz, Frank"]
[Black "Hermesmann, Hans"]
[Result "1-0"]
[WhiteElo "2221"]
[BlackElo "2221"]
[PlyCount "65"]
[EventDate "2024.??.??"]

1. e4 d6 2. d4 Nf6 3. Nc3 Nbd7 4. Nf3 e5 5. Bc4 Be7 6. O-O c6 7. a4 Qc7 8. Re1 h6 9. Be3 Nf8 10. h3 g5 11. dxe5 dxe5 12. Nxe5 Qxe5 13. Bd4 Qc7 14. e5 Nd5 15. e6 Bxe6 16. Bxd5 cxd5 17. Bxh8 Ng6 18. Bd4 a6 19. a5 Qd6 20. b4 Rc8 21. Bc5 Rxc5 22. bxc5 Qxc5 23. Ne2 Bf6 24. Rb1 Kf8 25. Rxb7 Qxa5 26. Rf1 Qc5 27. Qd3 d4 28. Ng3 Be5 29. Rfb1 Bd5 30. Nf5 Bxb7 31. Rxb7 Qc8 32. Ra7 Nf4 33. Qa3+ 1-0

[Event "OLNN 2324 Preetzer TSV - Schachfreunde H"]
[Site "?"]
[Date "2024.02.04"]
[Round "5.5"]
[White "Gremmel, Jonas Simon"]
[Black "Reinecker, Kai"]
[Result "1-0"]
[WhiteElo "2090"]
[BlackElo "2217"]
[PlyCount "33"]
[EventDate "2024.??.??"]

1. d4 Nf6 2. Nf3 e6 3. e3 c5 4. Bd3 Nc6 5. O-O Be7 6. c4 cxd4 7. exd4 d5 8. a3 O-O 9. Nc3 b6 10. cxd5 exd5 11. h3 h6 12. Bf4 a6 13. Rc1 Be6 14. Qe2 Bc8 15. Bb1 Re8 16. Qc2 Bf8 17. Be5 1-0

[Event "OLNN 2324 Preetzer TSV - Schachfreunde H"]
[Site "?"]
[Date "2024.02.04"]
[Round "5.6"]
[White "Light, Bjarne"]
[Black "Mix, Clemens"]
[Result "1-0"]
[WhiteElo "2225"]
[BlackElo "2046"]
[PlyCount "109"]
[EventDate "2024.??.??"]

1. Nf3 c5 2. c4 Nc6 3. e3 Nf6 4. Nc3 d5 5. cxd5 Nxd5 6. Bb5 Nxc3 7. bxc3 Bd7 8. O-O e6 9. d4 Be7 10. Qe2 O-O 11. Rd1 Qc7 12. Bd3 Rfd8 13. Bc2 Rac8 14. Bd2 Be8 15. Rac1 g6 16. h4 e5 17. Be4 exd4 18. exd4 cxd4 19. cxd4 Qd6 20. Be3 b6 21. g3 Bf6 22. Bf4 Qb4 23. d5 Nd4 24. Nxd4 Rxc1 25. Rxc1 Qxd4 26. Bc7 Bd7 27. Bxd8 Bxd8 28. Bg2 Kg7 29. Rd1 Qc5 30. h5 Bf6 31. Qf3 Be5 32. h6+ Kxh6 33. Qxf7 Bf5 34. d6 Bxg3 35. Qf8+ Kh5 36. Bf3+ Kg5 37. Rf1 Qxd6 38. Qg7 Bh2+ 39. Kg2 h5 40. Rh1 Qe5 41. Qg8 Bf4 42. Rxh5+ Kf6 43. Qf8+ Ke6 44. Rh7 Qd6 45. Qf7+ Ke5 46. Rh1 Bd2 47. Rh8 Bg5 48. Re8+ Kd4 49. Re1 Kc5 50. Qxa7 Qf4 51. Qa3+ Kb5 52. Qb3+ Kc5 53. Qd5+ Kb4 54. Re3 Bh3+ 55. Kg1 1-0

[Event "OLNN 2324 Preetzer TSV - Schachfreunde H"]
[Site "?"]
[Date "2024.02.04"]
[Round "5.7"]
[White "Kull, Florian"]
[Black "Guindy, Esmat Susanne"]
[Result "1-0"]
[WhiteElo "2109"]
[BlackElo "2046"]
[PlyCount "127"]
[EventDate "2024.??.??"]

1. d4 d5 2. c4 e6 3. Nc3 Be7 4. cxd5 exd5 5. Bf4 c6 6. e3 Bf5 7. g4 Be6 8. h4 Qb6 9. Rb1 Nf6 10. f3 c5 11. Bxb8 Rxb8 12. Bb5+ Kf8 13. Nge2 Ne8 14. Kf2 h5 15. g5 Bf5 16. Bd3 Bxd3 17. Qxd3 Rd8 18. Na4 c4 19. Qc2 Qc6 20. Nac3 g6 21. f4 Ng7 22. Ng3 Bd6 23. Rhf1 Kg8 24. Nce2 Kh7 25. f5 Bxg3+ 26. Nxg3 Nxf5 27. Nxf5 gxf5 28. Qxf5+ Qg6 29. Ke2 Rhf8 30. b3 cxb3 31. Rxb3 b6 32. Rc3 Rd6 33. Rc7 Qxf5 34. Rxf5 Kg6 35. Re5 a5 36. Kd3 f6 37. gxf6 Rfxf6 38. Rg5+ Kh6 39. Rc8 Kh7 40. Rxh5+ Rh6 41. Rxh6+ Rxh6 42. Rd8 Rxh4 43. Rxd5 Rh2 44. Rb5 Rxa2 45. Rxb6 Kg7 46. d5 Kf7 47. Kd4 a4 48. Ra6 a3 49. Ke5 Ke7 50. Ra7+ Kd8 51. Ke6 Rh2 52. Rxa3 Rh6+ 53. Ke5 Rh3 54. Ra8+ Kd7 55. Ra7+ Kd8 56. e4 Rh6 57. d6 Rh5+ 58. Ke6 Rh6+ 59. Kd5 Rh1 60. e5 Kc8 61. Ra8+ Kb7 62. Rf8 Rh2 63. d7 Rd2+ 64. Ke6 1-0

[Event "OLNN 2324 Preetzer TSV - Schachfreunde H"]
[Site "?"]
[Date "2024.02.04"]
[Round "5.8"]
[White "Kornrumpf, Joachim"]
[Black "Kluenger, Marc"]
[Result "0-1"]
[WhiteElo "2006"]
[BlackElo "2185"]
[PlyCount "104"]
[EventDate "2024.??.??"]

1. b3 d5 2. Bb2 Nf6 3. e3 Bf5 4. Nf3 Nbd7 5. c4 e6 6. Be2 Bd6 7. O-O h6 8. d3 O-O 9. Nbd2 c6 10. Re1 e5 11. d4 e4 12. Ne5 Qc7 13. f4 exf3 14. Ndxf3 Be4 15. Bd3 Rfe8 16. Nxd7 Nxd7 17. Qc2 Qd8 18. Bxe4 dxe4 19. Nd2 Qh4 20. Nf1 Re6 21. g3 Qg5 22. Rad1 Rae8 23. Re2 Rg6 24. Rg2 h5 25. Rdd2 Nf6 26. Rde2 Ng4 27. Bc3 f5 28. Be1 c5 29. h3 Nh6 30. dxc5 Bxc5 31. b4 Bd6 32. Rd2 Nf7 33. c5 Bb8 34. Qc4 Qe7 35. Rd5 Qe6 36. Bc3 Be5 37. Be1 Kh7 38. Qb3 Ng5 39. h4 Nf3+ 40. Kf2 a6 41. Qd1 Re7 42. a4 Rg4 43. b5 axb5 44. axb5 Qg6 45. Rd7 Rxd7 46. Qxd7 Nxh4 47. Rh2 Rxg3 48. Ke2 Qg4+ 49. Kd2 Nf3+ 50. Kc1 Rg1 51. Rf2 Nxe1 52. Rxf5 Rxf1 0-1

[Event "OLNN 2324 SC Königsspringer HH - SK Joh"]
[Site "?"]
[Date "2024.02.04"]
[Round "5.1"]
[White "Wedberg, Tom"]
[Black "Weber, Max"]
[Result "1-0"]
[WhiteElo "2369"]
[BlackElo "2312"]
[PlyCount "97"]
[EventDate "2024.??.??"]

1. e4 c5 2. Nf3 Nc6 3. d4 cxd4 4. Nxd4 Qb6 5. Nb3 Nf6 6. Nc3 e6 7. Bd3 a6 8. O-O Qc7 9. f4 d6 10. Qf3 Be7 11. Bd2 b5 12. a4 b4 13. Ne2 Bb7 14. Be3 O-O 15. g4 d5 16. e5 Ne4 17. Ng3 Nxg3 18. Qxg3 d4 19. Bd2 Na5 20. Rae1 Nc4 21. Bc1 Rfd8 22. f5 g6 23. f6 Bf8 24. h4 Rd5 25. Be4 Rad8 26. h5 Qxe5 27. Qxe5 Nxe5 28. Bxd5 Rxd5 29. hxg6 Nxg4 30. gxh7+ Kxh7 31. Re4 Ne3 32. Bxe3 dxe3 33. Rxe3 Rg5+ 34. Kf2 Rg2+ 35. Ke1 Rxc2 36. Rg1 Bh6 37. Rh3 Rg2 38. Rxg2 Bxg2 39. Rh4 Bd5 40. Rxb4 Bg5 41. Nc5 a5 42. Rb5 Bxf6 43. Kd2 Kg6 44. b3 Bd8 45. Nb7 Bxb7 46. Rxb7 f5 47. Ke2 Kf6 48. b4 axb4 49. Rb5 1-0

[Event "OLNN 2324 SC Königsspringer HH - SK Joh"]
[Site "?"]
[Date "2024.02.04"]
[Round "5.2"]
[White "Zimmermann, Julian"]
[Black "Keyser, Robin"]
[Result "1/2-1/2"]
[WhiteElo "2282"]
[BlackElo "2154"]
[PlyCount "43"]
[EventDate "2024.??.??"]

1. e4 e6 2. d4 d5 3. Nd2 c5 4. exd5 Qxd5 5. Ngf3 cxd4 6. Bc4 Qd6 7. O-O Nf6 8. Nb3 Nc6 9. Nfxd4 Nxd4 10. Qxd4 Qxd4 11. Nxd4 Bc5 12. Nb3 Bb6 13. a4 a5 14. Re1 Bd7 15. Be3 Bxe3 16. Rxe3 Ke7 17. Nd4 Rhd8 18. c3 Bc6 19. Bb5 Bxb5 20. axb5 Nd5 21. Ree1 a4 22. Ra3 1/2-1/2

[Event "OLNN 2324 SC Königsspringer HH - SK Joh"]
[Site "?"]
[Date "2024.02.04"]
[Round "5.3"]
[White "Zart, Ruediger"]
[Black "Schmidt, Jan-Peter"]
[Result "0-1"]
[WhiteElo "2157"]
[BlackElo "2264"]
[PlyCount "62"]
[EventDate "2024.??.??"]

1. e4 c5 2. Nf3 Nc6 3. d4 cxd4 4. Nxd4 g6 5. c4 Nf6 6. Nc3 d6 7. Be2 Nxd4 8. Qxd4 Bg7 9. Be3 O-O 10. Qd2 a5 11. O-O a4 12. Rac1 Qa5 13. f3 Be6 14. Rfd1 Rfc8 15. Nb5 Qxd2 16. Rxd2 Nd7 17. g4 Ne5 18. Rdc2 Nc6 19. Rd2 Nb4 20. b3 axb3 21. axb3 Bd7 22. Nd4 Ra3 23. Rb1 Rca8 24. Kf2 Ra2 25. Rxa2 Rxa2 26. Kf1 Kf8 27. Nb5 f5 28. exf5 gxf5 29. h3 Bxb5 30. cxb5 Nd5 31. Bg5 Rxe2 0-1